| 000 | 00972cam a2200289 4500 | ||
|---|---|---|---|
| 001 | X113643 | ||
| 008 | 010712n2001 000 0 eng u | ||
| 035 | _a(Sirsi) u113643 | ||
| 100 | _aArchibald, K. | ||
| 245 | _aSustainable energy solutions | ||
| 260 | _c2001 | ||
| 490 |
_aAxis _v56(3) June-July 2001, 39(1) |
||
| 520 | _aProfiles the programmes and support packages offered by the Energy Saving Trust, which works with local authorities, private landlords and registered social landlords (RSLs) to reduce greenhouse gas emissions from housing. | ||
| 650 | _aC02 EMISSIONS | ||
| 650 | _aENERGY EFFICIENCY | ||
| 650 | _aENERGY SAVINGS | ||
| 650 | _aENERGY SAVING TRUST | ||
| 650 | _aGREENHOUSE GAS EMISSIONS | ||
| 650 | _aLANDLORDS | ||
| 650 | _aLOCAL AUTHORITIES | ||
| 650 | _aPRIVATE RENTED HOUSING | ||
| 650 | _aRSLS | ||
| 650 | _aREGISTERED SOCIAL LANDLORDS | ||
| 650 | _aSOCIAL HOUSING | ||
| 690 | _aENVIRONMENT-CONTAMINATION | ||
| 942 | _n0 | ||
| 999 |
_c67718 _d67718 |
||